Posúdenie bezpečnosti chemických jednotiek s využitím individuálneho spoločenského rizika

Uložené v:
Podrobná bibliografia
Hlavný autor: Gombár, Samuel (Autor)
Ďalší autori: Labovský, Juraj (Vedúci práce)
Médium: Rukopis Kniha
Jazyk:Slovak
Vydavateľské údaje: 2024
Predmet:
On-line prístup:http://is.stuba.sk/zp/portal_zp.pl?podrobnosti=176613
Tagy: Pridať tag
Žiadne tagy, Buďte prvý, kto otaguje tento záznam!

MARC

LEADER 00000ntm a22000003a 4500
001 stuzp99379
003 SK-STU
005 20240601210716.6
007 ta
008 150427s2015----xo-----f-mn---000-0-slo-d
040 |a STU  |b slo 
041 0 |a slo 
100 1 |a Gombár, Samuel  |u 046230  |4 aut  |U FCHPT Ústav chemického a environmentálneho inžinierstva  |T FCHPT Oddelenie chemického a biochemického inžinierstva  |X 105388  |U C6230  |Y 119  |7 105388 
242 0 1 |a Safety analysis of chemical units based on individual and social risk estimation  |y eng 
245 1 0 |a Posúdenie bezpečnosti chemických jednotiek s využitím individuálneho spoločenského rizika 
260 |c 2024 
650 4 |a SQLite  |2 slo 
650 4 |a spoločenské riziko  |2 slo 
650 4 |a individuálne riziko  |2 slo 
650 4 |a MapWinGIS  |2 slo 
650 4 |a C#  |2 slo 
650 4 |a individual risk  |2 eng 
650 4 |a societal risk  |2 eng 
650 4 |a C#  |2 eng 
650 4 |a SQLite  |2 eng 
650 4 |a MapWinGIS  |2 eng 
700 1 |a Labovský, Juraj  |u 046230  |k Z1  |4 ths  |U FCHPT Ústav chemického a environmentálneho inžinierstva  |T FCHPT Oddelenie chemického a biochemického inžinierstva  |X 10292  |U C6230  |Y 119  |7 A000010292 
856 4 |u http://is.stuba.sk/zp/portal_zp.pl?podrobnosti=176613